<?xml version="1.0" encoding="UTF-8"?>
<collection xmlns="http://www.loc.gov/MARC21/slim">
 <record>
  <leader>00750pamaa2200229   4500</leader>
  <controlfield tag="001">0000043530</controlfield>
  <controlfield tag="005">20081219090000.0</controlfield>
  <controlfield tag="008">080417                             eng  </controlfield>
  <datafield tag="020" ind1="0" ind2="0">
   <subfield code="a">0470816732 (pbk.) </subfield>
  </datafield>
  <datafield tag="082" ind1=" " ind2=" ">
   <subfield code="a">005.369 COA 2008</subfield>
  </datafield>
  <datafield tag="090" ind1="0" ind2="0">
   <subfield code="a">HA32 </subfield>
   <subfield code="b">COA 2008</subfield>
  </datafield>
  <datafield tag="100" ind1="1" ind2="0">
   <subfield code="a">Coakes </subfield>
  </datafield>
  <datafield tag="245" ind1="1" ind2="0">
   <subfield code="a">SPSS : </subfield>
   <subfield code="b">analysis without anguish version 15.0 for windows  </subfield>
   <subfield code="c">Coakes Sheridan J.</subfield>
  </datafield>
  <datafield tag="260" ind1="0" ind2="0">
   <subfield code="a">Brisbane: </subfield>
   <subfield code="b">John Wiley &amp; Sons, </subfield>
   <subfield code="c">2008.</subfield>
  </datafield>
  <datafield tag="300" ind1=" " ind2=" ">
   <subfield code="a">ix, 270p.: </subfield>
   <subfield code="b">ill.; </subfield>
   <subfield code="c">30cm.</subfield>
  </datafield>
  <datafield tag="504" ind1="0" ind2="0">
   <subfield code="a">Includes bibliographical references and index</subfield>
  </datafield>
  <datafield tag="650" ind1="0" ind2="0">
   <subfield code="a">Social sciences -- </subfield>
   <subfield code="x">Computer programs </subfield>
  </datafield>
  <datafield tag="650" ind1="0" ind2="0">
   <subfield code="a">SPSS (Computer file) </subfield>
  </datafield>
  <datafield tag="650" ind1="0" ind2="0">
   <subfield code="a">SPSS for windows </subfield>
  </datafield>
  <datafield tag="650" ind1="0" ind2="0">
   <subfield code="a">Social sciences -- </subfield>
   <subfield code="x">Statistical methods </subfield>
  </datafield>
  <datafield tag="901" ind1=" " ind2=" ">
   <subfield code="u">www.johnwiley.com.au</subfield>
  </datafield>
 </record>
</collection>
